=LDR 00000nam 2200000 4500 =001 INLIS000000000013524 =005 20210118103859 =035 ##$$a 0010-061300000013524 =008 210118################g##########0#ind## =082 ##$$a 332.1 =090 ##$$a 332.1-Riy-b =100 ##$$a Riyadi, Selamet =245 1#$$a Banking assets and leability management /$c Drs. Selamet Riyadi, M.Si. =250 ##$$a Edisi Ketiga =260 ##$$a Jakarta :$b Fakultas Ekonomi Universitas Indonesia,$c 2006 =300 ##$$a xvviii, 276 hlm, ; $c 25 x19 cm. =084 ##$$a 332.1 RIY b =650 #4$$a Bank dan Perbankan =500 ##$$a Edisi Ketiga =020 ##$$a 979-9242-62-7 =990 ##$$a 30709106 =990 ##$$a 30709107 =990 ##$$a 10407917 =990 ##$$a 30709105 =990 ##$$a 10407916 =990 ##$$a 10407919 =990 ##$$a 30709107 =990 ##$$a 30709106 =990 ##$$a 10407917 =990 ##$$a 30709105 =990 ##$$a 10407916 =990 ##$$a 10407919 =990 ##$$a 10407919 =990 ##$$a 30709106 =990 ##$$a 30709107 =990 ##$$a 10407917 =990 ##$$a 30709105 =990 ##$$a 10407916 =990 ##$$a 30709106 =990 ##$$a 30709107 =990 ##$$a 10407917 =990 ##$$a 30709105 =990 ##$$a 10407916 =990 ##$$a 10407919 =990 ##$$a 10407916 =990 ##$$a 30709106 =990 ##$$a 30709107 =990 ##$$a 10407917 =990 ##$$a 30709105 =990 ##$$a 10407919